Artificial intelligence in bioinformatics and chemoinformatics / (Record no. 52362)

MARC details
000 -LEADER
fixed length control field 00738nam a2200253Ia 4500
005 - DATE AND TIME OF LATEST TRANSACTION
control field 20260429112112.0
008 - FIXED-LENGTH DATA ELEMENTS--GENERAL INFORMATION
fixed length control field 260429s9999||||xx |||||||||||||| ||und||
020 ## - INTERNATIONAL STANDARD BOOK NUMBER
International Standard Book Number 9781032405834
041 ## - LANGUAGE CODE
Language English
082 ## - DEWEY DECIMAL CLASSIFICATION NUMBER
Classification number 570.285
Item number PAT
100 ## - MAIN ENTRY--PERSONAL NAME
Personal name Pathak, Yashwant V.
245 #0 - TITLE STATEMENT
Title Artificial intelligence in bioinformatics and chemoinformatics /
Statement of responsibility, etc Yashwant V. Pathak
250 ## - EDITION STATEMENT
Edition statement 1st ed.
260 ## - PUBLICATION, DISTRIBUTION, ETC. (IMPRINT)
Place of publication, distribution, etc Boca Raton :
Name of publisher, distributor, etc CRC Press,
Date of publication, distribution, etc 2025.
300 ## - PHYSICAL DESCRIPTION
Extent xiv, 260 p.; pbk
650 ## - SUBJECT ADDED ENTRY--TOPICAL TERM
Topical term or geographic name as entry element Bioinformatics
650 ## - SUBJECT ADDED ENTRY--TOPICAL TERM
Topical term or geographic name as entry element Chemoinformatics
650 ## - SUBJECT ADDED ENTRY--TOPICAL TERM
Topical term or geographic name as entry element Artificial intelligence
700 ## - ADDED ENTRY--PERSONAL NAME
Personal name Patel, Jayvadan
700 ## - ADDED ENTRY--PERSONAL NAME
Personal name Pathak, Sarvadaman
700 ## - ADDED ENTRY--PERSONAL NAME
Personal name Prajapati, Bhupendra Gopalbhai
700 ## - ADDED ENTRY--PERSONAL NAME
Personal name Saikia, Surovi
942 ## - ADDED ENTRY ELEMENTS (KOHA)
Koha item type Text Books
Holdings
Withdrawn status Lost status Damaged status Not for loan Collection code Home library Location Shelving location Date of Cataloging Source of acquisition Total Checkouts Full call number Barcode Date last seen Price effective from Koha item type
        Non-fiction CUTN Central Library CUTN Central Library Sciences 29/04/2026 CBS Publishers & Distributors, New Delhi - Invoice No. COR/IN/26/11710 on   570.285 PAT 57438 29/04/2026 29/04/2026 Text Books